[Event "Olimpiada de Khanty-Mansiysk 2010"]
[Site "Khanty-Mansiysk RUS"]
[Date "2010.09.27"]
[Round "6"]
[White "Huguet, Sergio"]
[Black "Njobvu, Ignatius"]
[Result "1/2-1/2"]
[WhiteElo "2142"]
[BlackElo "2217"]
[PlyCount "147"]
[EventDate "2010.09.21"]
[EventType "team"]
[EventRounds "11"]
[EventCountry "RUS"]
[Source "lmi"]
[SourceDate "2010.09.21"]
[WhiteTeam "Honduras"]
[BlackTeam "Botswana"]
[WhiteTeamCountry "HON"]
[BlackTeamCountry "BOT"]

1. e4 e6 2. d4 d5 3. Nc3 Nf6 4. Bg5 Be7 5. e5 Nfd7 6. Bxe7 Qxe7 7. f4 a6 8. Nf3
c5 9. Bd3 Nc6 10. Qd2 Nxd4 11. Nxd4 cxd4 12. Ne2 Qc5 13. O-O-O Nb8 14. Nxd4 Nc6
15. Nf3 Bd7 16. Rhe1 g6 17. g4 O-O-O 18. Bf1 Kb8 19. Re3 Rc8 20. Rc3 Qa5 21.
Kb1 Rc7 22. Rb3 Qxd2 23. Rxd2 Ka7 24. Rc3 h6 25. Nd4 g5 26. f5 h5 27. Nxc6+
Rxc6 28. Rxc6 bxc6 29. f6 hxg4 30. b3 Kb6 31. Kb2 c5 32. Rg2 Bb5 33. Bxb5 axb5
34. Rxg4 Rh5 35. Rg2 d4 36. c4 dxc3+ 37. Kxc3 Kc6 38. a4 bxa4 39. bxa4 Kd5 40.
a5 Rh3+ 41. Rg3 Rxh2 42. Rxg5 Ra2 43. Rg7 Ra3+ 44. Kd2 Rxa5 45. Rxf7 Kxe5 46.
Rf8 Ra7 47. Rc8 Kxf6 48. Rxc5 Ra3 49. Ke2 e5 50. Rc4 Kf5 51. Rb4 Ra8 52. Rc4
Rg8 53. Ra4 Rg2+ 54. Ke3 Rg1 55. Ke2 Rg6 56. Ke3 Rg3+ 57. Ke2 Rg4 58. Rxg4 Kxg4
59. Ke3 Kf5 60. Kf3 Kg5 61. Ke4 Kf6 62. Ke3 Kf5 63. Kf3 e4+ 64. Ke3 Ke5 65. Ke2
Kd4 66. Kd2 e3+ 67. Ke2 Ke4 68. Ke1 Kf3 69. Kf1 Kg3 70. Ke2 Kf4 71. Ke1 Ke4 72.
Ke2 Kd4 73. Ke1 Kd3 74. Kd1 1/2-1/2

[Event "Olimpiada de Khanty-Mansiysk 2010"]
[Site "Khanty-Mansiysk RUS"]
[Date "2010.09.27"]
[Round "6"]
[White "Minhazuddin, Ahmed"]
[Black "Lodhi, Mahmood"]
[Result "0-1"]
[WhiteElo "2368"]
[BlackElo "2391"]
[PlyCount "88"]
[EventDate "2010.09.21"]
[EventType "team"]
[EventRounds "11"]
[EventCountry "RUS"]
[Source "lmi"]
[SourceDate "2010.09.21"]
[WhiteTeam "Bangladesh"]
[BlackTeam "Pakistán"]
[WhiteTeamCountry "BAN"]
[BlackTeamCountry "PAK"]

1. e4 e5 2. Nf3 Nc6 3. d4 Nf6 4. Nc3 Bb4 5. d5 Ne7 6. Bd3 Ng6 7. Bd2 d6 8. a3
Bxc3 9. Bxc3 Nf4 10. g3 Nxd3+ 11. Qxd3 O-O 12. Nh4 Nd7 13. b4 a5 14. O-O b6 15.
f4 exf4 16. Rxf4 Ne5 17. Bxe5 dxe5 18. Rff1 Bh3 19. Rfc1 Qd6 20. Rab1 axb4 21.
axb4 Ra4 22. c3 Rfa8 23. Qf3 Qh6 24. Rf1 Bxf1 25. Rxf1 Qf6 26. Qg4 Ra1 27. Nf3
Rxf1+ 28. Kxf1 g6 29. Ke2 Qe7 30. Nd2 h5 31. Qf3 Qg5 32. h4 Qg4 33. Kd3 b5 34.
Qxg4 hxg4 35. Nf1 Ra1 36. Ne3 Rg1 37. c4 bxc4+ 38. Kxc4 Rxg3 39. d6 cxd6 40.
Nd5 Rg1 41. b5 g3 42. b6 Rb1 43. Nb4 Rc1+ 44. Kd3 g2 0-1

[Event "Olimpiada de Khanty-Mansiysk 2010"]
[Site "Khanty-Mansiysk RUS"]
[Date "2010.09.27"]
[Round "6"]
[White "Amer, Karim"]
[Black "Abu Sufian, Shakil"]
[Result "1-0"]
[WhiteElo "2234"]
[BlackElo "2361"]
[PlyCount "95"]
[EventDate "2010.09.21"]
[EventType "team"]
[EventRounds "11"]
[EventCountry "RUS"]
[Source "lmi"]
[SourceDate "2010.09.21"]
[WhiteTeam "Pakistán"]
[BlackTeam "Bangladesh"]
[WhiteTeamCountry "PAK"]
[BlackTeamCountry "BAN"]

1. d4 d5 2. c4 e5 3. dxe5 d4 4. Nf3 Nc6 5. g3 Be6 6. Bg2 Bxc4 7. O-O Qd7 8.
Nbd2 Be6 9. Ne4 Bd5 10. Ne1 Qf5 11. Qc2 Qxe5 12. Bf4 Qe6 13. Bxc7 Rc8 14. Bf4
Nb4 15. Qb1 Be7 16. a3 Nc6 17. Qd3 Nf6 18. Ng5 Qd7 19. Bh3 Be6 20. Nxe6 fxe6
21. Nf3 O-O 22. Ng5 Nd8 23. Be5 Bc5 24. Rac1 h6 25. Bxf6 hxg5 26. Bxg5 Nf7 27.
Bf4 Bb6 28. e3 Rcd8 29. Rfd1 Qe7 30. exd4 Bxd4 31. Qe2 e5 32. Be3 Ng5 33. Bg2
Ne6 34. Re1 Qf7 35. Rcd1 Nc5 36. b4 Ne6 37. Be4 Bxe3 38. Qxe3 Nd4 39. Rf1 b6
40. h4 Qh5 41. Kg2 Kh8 42. Qg5 Qxg5 43. hxg5 Rd6 44. Rc1 Ne6 45. g6 Rfd8 46.
Rh1+ Kg8 47. Rh5 Nf8 48. Rch1 1-0

[Event "Olimpiada de Khanty-Mansiysk 2010"]
[Site "Khanty-Mansiysk RUS"]
[Date "2010.09.27"]
[Round "6"]
[White "Hasan, Mehdi"]
[Black "Wasim, Akram"]
[Result "0-1"]
[WhiteElo "2322"]
[BlackElo "2054"]
[PlyCount "74"]
[EventDate "2010.09.21"]
[EventType "team"]
[EventRounds "11"]
[EventCountry "RUS"]
[Source "lmi"]
[SourceDate "2010.09.21"]
[WhiteTeam "Bangladesh"]
[BlackTeam "Pakistán"]
[WhiteTeamCountry "BAN"]
[BlackTeamCountry "PAK"]

1. e4 c5 2. Nf3 d6 3. d4 cxd4 4. Nxd4 Nf6 5. Nc3 a6 6. h3 b5 7. g4 Bb7 8. Bg2
e6 9. g5 b4 10. gxf6 bxc3 11. bxc3 gxf6 12. Qh5 Qc8 13. Bd2 Nc6 14. Rb1 Rg8 15.
O-O Nxd4 16. cxd4 Bxe4 17. f3 Bf5 18. Rb2 Qc4 19. c3 Rg6 20. Re1 Be7 21. Kh1 h6
22. Bf1 Qa4 23. c4 Qa3 24. Bc1 Qc3 25. Rd1 Bg4 26. fxg4 Qf3+ 27. Kg1 Qxd1 28.
Be3 f5 29. Rg2 Rb8 30. Rd2 Qf3 31. Bxh6 Rb1 32. Rf2 Qg3+ 33. Rg2 Qd3 34. Rf2
Rxf1+ 35. Rxf1 Qxd4+ 36. Kh1 Qxc4 37. g5 Qxf1+ 0-1

[Event "Olimpiada de Khanty-Mansiysk 2010"]
[Site "Khanty-Mansiysk RUS"]
[Date "2010.09.27"]
[Round "6"]
[White "Mehmeti, Dritan"]
[Black "Al Sulaiti, Ali"]
[Result "1-0"]
[WhiteElo "2415"]
[BlackElo "2134"]
[PlyCount "57"]
[EventDate "2010.09.21"]
[EventType "team"]
[EventRounds "11"]
[EventCountry "RUS"]
[Source "lmi"]
[SourceDate "2010.09.21"]
[WhiteTeam "Albania"]
[BlackTeam "BRN"]
[WhiteTeamCountry "ALB"]

1. d4 d5 2. Bg5 h6 3. Bh4 c6 4. Nf3 Qb6 5. b3 Bf5 6. e3 Nd7 7. Be2 e6 8. O-O
Be7 9. Bxe7 Nxe7 10. c4 O-O 11. Nc3 Rad8 12. Qc1 Bh7 13. Qa3 Rfe8 14. Rfd1 Kh8
15. Rac1 a5 16. Rd2 Ng8 17. Na4 Qa7 18. cxd5 exd5 19. Nc5 Ngf6 20. Nxd7 Nxd7
21. b4 Ra8 22. b5 Re6 23. Rb2 Be4 24. Nd2 Rc8 25. Bg4 f5 26. Bh3 g5 27. Nxe4 g4
28. Nd6 Rf8 29. bxc6 1-0

[Event "Olimpiada de Khanty-Mansiysk 2010"]
[Site "Khanty-Mansiysk RUS"]
[Date "2010.09.27"]
[Round "6"]
[White "Rama, Lorenc"]
[Black "Ayyad, Maher"]
[Result "1-0"]
[WhiteElo "2276"]
[BlackElo "2160"]
[PlyCount "89"]
[EventDate "2010.09.21"]
[EventType "team"]
[EventRounds "11"]
[EventCountry "RUS"]
[Source "lmi"]
[SourceDate "2010.09.21"]
[WhiteTeam "Albania"]
[BlackTeam "BRN"]
[WhiteTeamCountry "ALB"]

1. Nf3 Nf6 2. c4 e6 3. g3 d5 4. Bg2 Bd6 5. d4 c6 6. Qc2 Nbd7 7. O-O O-O 8. b3
e5 9. dxe5 Nxe5 10. Bb2 Qe7 11. Nbd2 dxc4 12. bxc4 Re8 13. Nd4 Ba3 14. Rab1
Bxb2 15. Rxb2 c5 16. Nf5 Bxf5 17. Qxf5 Rab8 18. h3 b6 19. f4 Ned7 20. e4 g6 21.
Qg5 Qd6 22. Rfb1 Kg7 23. e5 Nxe5 24. fxe5 Rxe5 25. Qf4 Nh5 26. Qf2 Rbe8 27. Nf1
Qd3 28. Bd5 Nf6 29. Rb3 Qf5 30. Qxf5 Rxf5 31. Bf3 h5 32. Rd1 g5 33. Bc6 Re2 34.
a4 h4 35. g4 Rf4 36. Ne3 Ne4 37. Nf5+ Kg6 38. Re3 Ng3 39. Bd5 Kf6 40. Rxe2
Nxe2+ 41. Kg2 Nc3 42. Re1 Nxa4 43. Re7 Nc3 44. Rxf7+ Kg6 45. Nxh4+ 1-0

[Event "Olimpiada de Khanty-Mansiysk 2010"]
[Site "Khanty-Mansiysk RUS"]
[Date "2010.09.27"]
[Round "6"]
[White "Ayyad, Husain"]
[Black "Boshku, Harallamb"]
[Result "1/2-1/2"]
[WhiteElo "2165"]
[BlackElo "2314"]
[PlyCount "114"]
[EventDate "2010.09.21"]
[EventType "team"]
[EventRounds "11"]
[EventCountry "RUS"]
[Source "lmi"]
[SourceDate "2010.09.21"]
[WhiteTeam "BRN"]
[BlackTeam "Albania"]
[BlackTeamCountry "ALB"]

1. e4 e6 2. d4 d5 3. exd5 exd5 4. Bd3 Nc6 5. Nf3 Bd6 6. O-O Bg4 7. c3 Nge7 8.
Re1 Qd7 9. Nbd2 O-O 10. Nf1 Ng6 11. Ne3 Nf4 12. Nxg4 Qxg4 13. Bxf4 Bxf4 14. Qc2
g6 15. Qb3 Qd7 16. g3 Bh6 17. Ne5 Nxe5 18. Rxe5 c6 19. Rae1 b5 20. Qa3 Rfd8 21.
Re7 Qc8 22. Rxa7 Bf8 23. Rxa8 Qxa8 24. Qxa8 Rxa8 25. a3 Bd6 26. f4 Kf8 27. Kf2
Re8 28. Rxe8+ Kxe8 29. Kf3 Ke7 30. Bc2 Bc7 31. Kg4 f5+ 32. Kf3 Kd6 33. b4 Bd8
34. a4 bxa4 35. Bxa4 Be7 36. Bc2 Ke6 37. Bd3 h6 38. h4 Bd8 39. Kg2 Be7 40. Kh3
g5 41. Ba6 Kd7 42. fxg5 hxg5 43. Be2 gxh4 44. gxh4 Bf8 45. h5 Bh6 46. c4 dxc4
47. Bxc4 Bd2 48. b5 cxb5 49. Bxb5+ Kd6 50. Bc4 Be3 51. d5 Ke5 52. Kg3 Bh6 53.
Kf3 Bf8 54. Bb3 Kf6 55. Ke3 Kg5 56. Bd1 f4+ 57. Ke4 f3 1/2-1/2

[Event "Olimpiada de Khanty-Mansiysk 2010"]
[Site "Khanty-Mansiysk RUS"]
[Date "2010.09.27"]
[Round "6"]
[White "Kojima, Shinya"]
[Black "Nepali, Badrilal"]
[Result "1-0"]
[WhiteElo "2334"]
[BlackElo "2135"]
[PlyCount "131"]
[EventDate "2010.09.21"]
[EventType "team"]
[EventRounds "11"]
[EventCountry "RUS"]
[Source "lmi"]
[SourceDate "2010.09.21"]
[WhiteTeam "Japón"]
[BlackTeam "Nepal"]
[WhiteTeamCountry "JPN"]
[BlackTeamCountry "NEP"]

1. e4 c5 2. c3 d5 3. exd5 Qxd5 4. d4 Nc6 5. Nf3 Bg4 6. Be2 cxd4 7. cxd4 e6 8.
Nc3 Qd6 9. h3 Bh5 10. d5 exd5 11. O-O Nf6 12. Nb5 Qb8 13. Nfd4 Bg6 14. Qa4 Bc5
15. Nxc6 bxc6 16. Bf4 Qb6 17. Bc7 Qb7 18. Nd6+ Bxd6 19. Bxd6 Ne4 20. Ba3 Qb6
21. Rac1 Rc8 22. Ba6 Rc7 23. Kh2 Kd7 24. Rcd1 Nf6 25. Rd4 Qb8 26. Kg1 Re8 27.
Rfd1 Re6 28. R4d2 Qb6 29. Rd4 Bc2 30. Qxc2 Qxa6 31. Qc5 Qc8 32. Ra4 Qe8 33. Kh2
Qb8 34. Kg1 Qb5 35. Rxa7 Qxc5 36. Bxc5 Rxa7 37. Bxa7 Re2 38. Bd4 Kd6 39. Rc1
Nd7 40. Kf1 Re6 41. Bxg7 c5 42. Bc3 d4 43. Bd2 Kd5 44. b3 Ne5 45. a4 Rb6 46.
Rb1 Ke4 47. Re1+ Kd3 48. Ba5 Re6 49. Bc7 Nc6 50. Rc1 Re2 51. Rxc5 Rc2 52. Rxc2
Kxc2 53. Ke1 d3 54. Bf4 Kxb3 55. Kd2 Kc4 56. Bc7 Nd4 57. a5 Nb3+ 58. Kd1 Kb5
59. Bb6 Kc6 60. g4 f6 61. f4 Na1 62. Kd2 Nc2 63. Kxd3 Nb4+ 64. Ke4 Nd5 65. Kf5
Kd6 66. Bd4 1-0

[Event "Olimpiada de Khanty-Mansiysk 2010"]
[Site "Khanty-Mansiysk RUS"]
[Date "2010.09.27"]
[Round "6"]
[White "Shrestha, Bilam Lal"]
[Black "Nanjo, Ryosuke"]
[Result "1-0"]
[WhiteElo "2096"]
[BlackElo "2257"]
[PlyCount "77"]
[EventDate "2010.09.21"]
[EventType "team"]
[EventRounds "11"]
[EventCountry "RUS"]
[Source "lmi"]
[SourceDate "2010.09.21"]
[WhiteTeam "Nepal"]
[BlackTeam "Japón"]
[WhiteTeamCountry "NEP"]
[BlackTeamCountry "JPN"]

1. Nf3 f5 2. d4 e6 3. c4 Nf6 4. Nc3 Bb4 5. Bd2 O-O 6. e3 b6 7. Bd3 Bb7 8. a3
Bxc3 9. Bxc3 Ne4 10. Qc2 Qe7 11. O-O-O d6 12. Be1 Nd7 13. Rg1 c5 14. Kb1 Rac8
15. Nd2 Ndf6 16. f3 Nxd2+ 17. Qxd2 cxd4 18. exd4 d5 19. Rc1 dxc4 20. Bxc4 Qd7
21. Bf2 Bd5 22. Bxd5 Nxd5 23. Rge1 Rfe8 24. Rxc8 Rxc8 25. h4 Qb5 26. Ka1 Rc6
27. Bg3 h6 28. Be5 Qb3 29. Rc1 Rc4 30. g4 fxg4 31. Rxc4 Qxc4 32. fxg4 b5 33.
Bd6 Qb3 34. g5 hxg5 35. hxg5 Kf7 36. Qe2 g6 37. Bc5 Ne3 38. Qf3+ Nf5 39. Qxb3
1-0

[Event "Olimpiada de Khanty-Mansiysk 2010"]
[Site "Khanty-Mansiysk RUS"]
[Date "2010.09.27"]
[Round "6"]
[White "Yamada, Kohei"]
[Black "Malakar, Prachand Man"]
[Result "1-0"]
[WhiteElo "2071"]
[BlackElo "1959"]
[PlyCount "79"]
[EventDate "2010.09.21"]
[EventType "team"]
[EventRounds "11"]
[EventCountry "RUS"]
[Source "lmi"]
[SourceDate "2010.09.21"]
[WhiteTeam "Japón"]
[BlackTeam "Nepal"]
[WhiteTeamCountry "JPN"]
[BlackTeamCountry "NEP"]

1. e4 c5 2. Nf3 Nc6 3. d4 cxd4 4. Nxd4 Nf6 5. Nc3 Qb6 6. Nb3 e6 7. Be3 Qd8 8.
Bd3 Be7 9. O-O O-O 10. f4 d5 11. e5 Nd7 12. Nb5 f5 13. Kh1 a6 14. N5d4 Nxd4 15.
Bxd4 b6 16. c3 Nc5 17. Bc2 Bb7 18. Qe2 a5 19. Qe3 Rc8 20. Rad1 Qc7 21. Nd2 Ba6
22. Rg1 Kh8 23. g4 g6 24. Rg2 Nd7 25. gxf5 gxf5 26. Rdg1 Rg8 27. Qh3 Bc5 28.
Nf3 Rxg2 29. Qxg2 Nb8 30. Qg5 Rf8 31. Qh6 Qe7 32. Nh4 Rg8 33. Ng6+ Rxg6 34.
Rxg6 Bc8 35. Ba4 Na6 36. Be8 Nc7 37. Bxc5 bxc5 38. Rf6 Kg8 39. Bf7+ Kh8 40. Bg6
1-0

[Event "Olimpiada de Khanty-Mansiysk 2010"]
[Site "Khanty-Mansiysk RUS"]
[Date "2010.09.27"]
[Round "6"]
[White "Thapa, Uttam Raj"]
[Black "Shiomi, Ryo"]
[Result "0-1"]
[WhiteElo "2029"]
[BlackElo "2105"]
[PlyCount "150"]
[EventDate "2010.09.21"]
[EventType "team"]
[EventRounds "11"]
[EventCountry "RUS"]
[Source "lmi"]
[SourceDate "2010.09.21"]
[WhiteTeam "Nepal"]
[BlackTeam "Japón"]
[WhiteTeamCountry "NEP"]
[BlackTeamCountry "JPN"]

1. d4 d5 2. c4 e6 3. Nc3 c5 4. cxd5 exd5 5. Nf3 Nc6 6. g3 Nf6 7. Bg2 Be7 8. O-O
O-O 9. Bg5 c4 10. Ne5 Be6 11. Qd2 h6 12. Bf4 Bb4 13. Rfd1 Bf5 14. f3 Re8 15. g4
Bh7 16. Bg3 Qe7 17. g5 hxg5 18. Qxg5 Rad8 19. Bh3 Bd6 20. f4 Ne4 21. Qxe7 Bxe7
22. Bd7 Rxd7 23. Nxd7 Nxc3 24. bxc3 f6 25. Nc5 b6 26. Na6 Bd6 27. Kf2 Bf5 28.
a3 Kf7 29. Nb4 Ne7 30. Rd2 Bg6 31. f5 Bxg3+ 32. hxg3 Bxf5 33. Rg1 Be4 34. g4
Nc8 35. g5 Nd6 36. gxf6 gxf6 37. Rdd1 Nb5 38. Rc1 a5 39. Na2 Nxa3 40. Rg3 Rh8
41. Rcg1 Ke6 42. Nc1 Nb1 43. Ke1 b5 44. Na2 Rb8 45. Rg8 Rb6 46. Re8+ Kd7 47.
Ra8 b4 48. Rxa5 b3 49. Kf2 bxa2 50. Rxa2 Nxc3 51. Ra7+ Kc6 52. Rf7 Kb5 53. Ke3
Na2 54. Ra1 Nb4 55. Kd2 f5 56. Kc3 Ra6 57. Rxa6 Nxa6 58. Rb7+ Kc6 59. Rg7 Nc7
60. Kb4 f4 61. Rf7 Ne6 62. Kc3 Kd6 63. Ra7 Bg6 64. Ra6+ Ke7 65. Ra5 Be4 66.
Ra7+ Kf6 67. Rd7 Kf5 68. Re7 Ng5 69. Re8 Kg4 70. Rg8 Kh4 71. Kd2 Bf5 72. Rd8
Be6 73. Re8 Kg4 74. Re7 Kf5 75. Rg7 Bf7 0-1

[Event "Olimpiada de Khanty-Mansiysk 2010"]
[Site "Khanty-Mansiysk RUS"]
[Date "2010.09.27"]
[Round "6"]
[White "Elliott, Warren"]
[Black "Jones, Richard S"]
[Result "1-0"]
[WhiteElo "2254"]
[BlackElo "2373"]
[PlyCount "111"]
[EventDate "2010.09.21"]
[EventType "team"]
[EventRounds "11"]
[EventCountry "RUS"]
[Source "lmi"]
[SourceDate "2010.09.21"]
[WhiteTeam "Jamaica"]
[BlackTeam "Gales"]
[WhiteTeamCountry "JAM"]
[BlackTeamCountry "WLS"]

1. e4 c5 2. Nf3 d6 3. d4 cxd4 4. Nxd4 Nf6 5. Nc3 a6 6. Bg5 e6 7. f4 Qb6 8. a3
Nc6 9. Nb3 Qe3+ 10. Qe2 Qxe2+ 11. Bxe2 Be7 12. O-O-O b5 13. Bf3 Bb7 14. Rd2 h6
15. Bxf6 gxf6 16. Bh5 Kf8 17. Rf1 Rc8 18. f5 e5 19. Nd5 Bd8 20. Rfd1 Nb8 21.
Rd3 Nd7 22. Bf3 Kg7 23. Kb1 Bxd5 24. Rxd5 Bc7 25. Nd2 Bb8 26. Nf1 Nb6 27. R5d3
Nc4 28. Ne3 Nxe3 29. Rxe3 Rc6 30. Red3 Rhc8 31. R1d2 Kf8 32. Bd1 Ke7 33. c3 a5
34. Bb3 b4 35. Bd5 bxc3 36. Rc2 Rc5 37. bxc3 Rb5+ 38. Rb2 Rxb2+ 39. Kxb2 Rg8
40. Rh3 Rxg2+ 41. Kb3 Kf8 42. Rxh6 Kg7 43. Rh3 Ba7 44. Ka4 Bc5 45. c4 Ra2 46.
Rg3+ Kf8 47. h4 Rh2 48. Rb3 Rxh4 49. Kxa5 Kg7 50. a4 Rh2 51. Rb7 Kf8 52. Rxf7+
Ke8 53. Rxf6 Rb2 54. Rf7 Bb6+ 55. Ka6 Bd8 56. Rh7 1-0

[Event "Olimpiada de Khanty-Mansiysk 2010"]
[Site "Khanty-Mansiysk RUS"]
[Date "2010.09.27"]
[Round "6"]
[White "Kett, Tim"]
[Black "Pitterson, Jomo"]
[Result "0-1"]
[WhiteElo "2219"]
[BlackElo "2242"]
[PlyCount "90"]
[EventDate "2010.09.21"]
[EventType "team"]
[EventRounds "11"]
[EventCountry "RUS"]
[Source "lmi"]
[SourceDate "2010.09.21"]
[WhiteTeam "Gales"]
[BlackTeam "Jamaica"]
[WhiteTeamCountry "WLS"]
[BlackTeamCountry "JAM"]

1. e4 e6 2. d4 d5 3. Nc3 Bb4 4. e5 c5 5. a3 Bxc3+ 6. bxc3 Nc6 7. Nf3 Qa5 8. Bd2
c4 9. g3 Bd7 10. Ng5 h6 11. Qh5 g6 12. Qh3 Qd8 13. Be2 Qe7 14. O-O O-O-O 15. a4
f6 16. Nf3 Qg7 17. exf6 Nxf6 18. a5 Ne4 19. a6 b6 20. Qg2 g5 21. Be1 Rdf8 22.
Bd1 Kc7 23. h3 h5 24. Nh2 g4 25. f3 gxh3 26. Qxh3 e5 27. Qg2 Ng5 28. dxe5 Bh3
29. Qd2 Bxf1 30. Kxf1 Qxe5 31. Kg2 Qf5 32. Bf2 Rhg8 33. Be2 Ne4 34. Qh6 Nxf2
35. Kxf2 Rf6 36. Qd2 h4 37. Rg1 hxg3+ 38. Rxg3 Rxg3 39. Kxg3 Re6 40. Ng4 Ne7
41. Bf1 Ng6 42. Bh3 Qh5 43. f4 Qh4+ 44. Kh2 Re4 45. Qxd5 Qxh3+ 0-1

[Event "Olimpiada de Khanty-Mansiysk 2010"]
[Site "Khanty-Mansiysk RUS"]
[Date "2010.09.27"]
[Round "6"]
[White "Georgiev, Vladimir"]
[Black "Luther, Thomas"]
[Result "1/2-1/2"]
[WhiteElo "2573"]
[BlackElo "2545"]
[PlyCount "26"]
[EventDate "2010.09.21"]
[EventType "team"]
[EventRounds "11"]
[EventCountry "RUS"]
[Source "lmi"]
[SourceDate "2010.09.21"]
[WhiteTeam "MKD"]
[BlackTeam "IPC"]

1. d4 d5 2. c4 c6 3. Nf3 Nf6 4. Nc3 dxc4 5. e3 b5 6. a4 b4 7. Na2 a5 8. Bxc4 e6
9. O-O Ba6 10. b3 Bxc4 11. bxc4 c5 12. Bb2 Nbd7 13. Qe2 Qc7 1/2-1/2

[Event "Olimpiada de Khanty-Mansiysk 2010"]
[Site "Khanty-Mansiysk RUS"]
[Date "2010.09.27"]
[Round "6"]
[White "Obodchuk, Andrei"]
[Black "Nedev, Trajko"]
[Result "0-1"]
[WhiteElo "2395"]
[BlackElo "2505"]
[PlyCount "75"]
[EventDate "2010.09.21"]
[EventType "team"]
[EventRounds "11"]
[EventCountry "RUS"]
[Source "lmi"]
[SourceDate "2010.09.21"]
[WhiteTeam "IPC"]
[BlackTeam "MKD"]

1. Nf3 Nf6 2. c4 g6 3. Nc3 Bg7 4. e4 d6 5. d4 O-O 6. Be2 e5 7. Be3 Ng4 8. Bg5
f6 9. Bh4 g5 10. Bg3 Nh6 11. d5 Nd7 12. Nd2 f5 13. exf5 Nc5 14. Nde4 Nxe4 15.
Nxe4 Bxf5 16. Bd3 Bg6 17. Qd2 Nf5 18. O-O g4 19. f4 Nxg3 20. hxg3 exf4 21. Rxf4
Rxf4 22. Qxf4 Qe7 23. Qxg4 Re8 24. Kh2 Bxe4 25. Re1 Bxd3 26. Rxe7 Rxe7 27. Qc8+
Kf7 28. b3 b6 29. Qg4 Bg6 30. Qc8 Be5 31. Kh3 a5 32. g4 h6 33. g3 Kg7 34. Qd8
Bf6 35. Qc8 Bb1 36. a3 Ba2 37. Qf5 Bxb3 38. g5 0-1

[Event "Olimpiada de Khanty-Mansiysk 2010"]
[Site "Khanty-Mansiysk RUS"]
[Date "2010.09.27"]
[Round "6"]
[White "Mitkov, Nikola"]
[Black "Mikheev, Stanislav"]
[Result "1-0"]
[WhiteElo "2531"]
[BlackElo "2337"]
[PlyCount "95"]
[EventDate "2010.09.21"]
[EventType "team"]
[EventRounds "11"]
[EventCountry "RUS"]
[Source "lmi"]
[SourceDate "2010.09.21"]
[WhiteTeam "MKD"]
[BlackTeam "IPC"]

1. e4 e5 2. Bc4 Nf6 3. d3 Nc6 4. Nc3 Na5 5. Nge2 c6 6. O-O Be7 7. a4 Nxc4 8.
dxc4 d6 9. b3 O-O 10. h3 Be6 11. f4 exf4 12. Nxf4 Nd7 13. Be3 Bf6 14. Bd4 Be5
15. Qd2 Qg5 16. Rad1 Rfd8 17. Be3 Qe7 18. Nd3 f6 19. a5 Bf7 20. Nxe5 Nxe5 21.
Qf2 a6 22. Rfe1 Rd7 23. Na4 Re8 24. Bf4 Bg6 25. c5 Nf7 26. cxd6 Nxd6 27. Nc5
Rdd8 28. Bxd6 Rxd6 29. Rxd6 Qxd6 30. b4 Re7 31. c3 h6 32. Qd4 Qg3 33. Re3 Qf4
34. e5 Qxd4 35. cxd4 fxe5 36. dxe5 Kf7 37. Kf2 Ke8 38. Kf3 Kd8 39. e6 Kc7 40.
Kf4 Bb1 41. Ke5 Ba2 42. g4 Bd5 43. h4 Bc4 44. Re4 Bd5 45. Rf4 Ba2 46. g5 hxg5
47. hxg5 g6 48. Rf8 1-0

[Event "Olimpiada de Khanty-Mansiysk 2010"]
[Site "Khanty-Mansiysk RUS"]
[Date "2010.09.27"]
[Round "6"]
[White "Vodyasov, Evgeny"]
[Black "Pancevski, Filip"]
[Result "0-1"]
[WhiteElo "2217"]
[BlackElo "2410"]
[PlyCount "60"]
[EventDate "2010.09.21"]
[EventType "team"]
[EventRounds "11"]
[EventCountry "RUS"]
[Source "lmi"]
[SourceDate "2010.09.21"]
[WhiteTeam "IPC"]
[BlackTeam "MKD"]

1. e4 g6 2. d4 Bg7 3. Nc3 c6 4. Nf3 d6 5. h3 Nf6 6. Be3 Qc7 7. Qd2 e5 8. Bd3
O-O 9. O-O Re8 10. Rfe1 Nbd7 11. dxe5 dxe5 12. a4 a5 13. Rad1 Nf8 14. Bf1 Ne6
15. Bc4 Bf8 16. Ng5 Nxg5 17. Bxg5 Nd7 18. Re3 Nc5 19. Bd8 Qb8 20. Bb6 Be6 21.
Bxe6 Nxe6 22. Rd3 Bc5 23. Bxc5 Nxc5 24. Rd6 Ne6 25. Rd3 Qc7 26. Qe3 Rad8 27.
Ne2 Qe7 28. Qb6 Rxd3 29. Rxd3 Nc5 30. Re3 Ra8 0-1

[Event "Olimpiada de Khanty-Mansiysk 2010"]
[Site "Khanty-Mansiysk RUS"]
[Date "2010.09.27"]
[Round "6"]
[White "Lee, Sanghoon"]
[Black "Wiedenkeller, Michael"]
[Result "0-1"]
[WhiteElo "2146"]
[BlackElo "2431"]
[PlyCount "94"]
[EventDate "2010.09.21"]
[EventType "team"]
[EventRounds "11"]
[EventCountry "RUS"]
[Source "lmi"]
[SourceDate "2010.09.21"]
[WhiteTeam "Corea"]
[BlackTeam "Luxemburgo"]
[WhiteTeamCountry "KOR"]
[BlackTeamCountry "LUX"]

1. d4 e6 2. Nf3 f5 3. c4 Nf6 4. g3 d5 5. Bg2 c6 6. Qc2 Bd6 7. O-O O-O 8. b3 Qe7
9. Bf4 Bxf4 10. gxf4 Nbd7 11. Nbd2 Ne4 12. e3 Nxd2 13. Qxd2 Kh8 14. Rfc1 Nf6
15. Ne5 Bd7 16. b4 Ne4 17. Bxe4 fxe4 18. Kh1 Be8 19. Rg1 Bh5 20. c5 Rf5 21. Rg3
Raf8 22. Rag1 Rg8 23. Rg5 Rxe5 24. dxe5 Bf3+ 25. R1g2 a5 26. a3 axb4 27. Qxb4
Ra8 28. h3 Ra6 29. Kh2 Bxg2 30. Kxg2 b6 31. cxb6 Qxb4 32. axb4 Rxb6 33. f5 Rxb4
34. fxe6 Rb7 35. f4 exf3+ 36. Kxf3 Re7 37. e4 d4 38. Ke2 Rxe6 39. Kd3 h6 40.
Rf5 c5 41. h4 g6 42. Rf7 Rxe5 43. Rd7 Kg8 44. Ra7 g5 45. Ra6 Kh7 46. h5 g4 47.
Rg6 Rg5 0-1

[Event "Olimpiada de Khanty-Mansiysk 2010"]
[Site "Khanty-Mansiysk RUS"]
[Date "2010.09.27"]
[Round "6"]
[White "Linster, Philippe"]
[Black "Lee, Kiyul"]
[Result "1-0"]
[WhiteElo "2264"]
[BlackElo "1971"]
[PlyCount "57"]
[EventDate "2010.09.21"]
[EventType "team"]
[EventRounds "11"]
[EventCountry "RUS"]
[Source "lmi"]
[SourceDate "2010.09.21"]
[WhiteTeam "Luxemburgo"]
[BlackTeam "Corea"]
[WhiteTeamCountry "LUX"]
[BlackTeamCountry "KOR"]

1. d4 d5 2. c4 e6 3. Nc3 Nf6 4. cxd5 exd5 5. Bg5 Nbd7 6. e3 c6 7. Bd3 Be7 8.
Nge2 O-O 9. Qc2 Re8 10. O-O Nf8 11. f3 Ne6 12. Bxf6 Bxf6 13. Bxh7+ Kh8 14. Bd3
c5 15. Bb5 Re7 16. dxc5 a6 17. Ba4 Nxc5 18. Rad1 Nxa4 19. Qxa4 b5 20. Qc2 Bb7
21. Qd3 Qb6 22. Nd4 Rae8 23. Rfe1 Bg5 24. Nf5 Re5 25. h4 Bxe3+ 26. Nxe3 Rxe3
27. Rxe3 Rxe3 28. Qd4 Qe6 29. Kf2 1-0

[Event "Olimpiada de Khanty-Mansiysk 2010"]
[Site "Khanty-Mansiysk RUS"]
[Date "2010.09.27"]
[Round "6"]
[White "Chogdov, Munkhbat"]
[Black "Jeitz, Christian"]
[Result "1-0"]
[WhiteElo "2236"]
[BlackElo "2235"]
[PlyCount "95"]
[EventDate "2010.09.21"]
[EventType "team"]
[EventRounds "11"]
[EventCountry "RUS"]
[Source "lmi"]
[SourceDate "2010.09.21"]
[WhiteTeam "Corea"]
[BlackTeam "Luxemburgo"]
[WhiteTeamCountry "KOR"]
[BlackTeamCountry "LUX"]

1. c4 Nf6 2. Nc3 d5 3. cxd5 Nxd5 4. g3 g6 5. Bg2 Nb6 6. d3 Bg7 7. Be3 O-O 8. h4
h6 9. Qd2 Kh7 10. Nh3 e5 11. h5 g5 12. f4 exf4 13. gxf4 g4 14. Nf2 f5 15. Bc5
Rf7 16. e4 N8d7 17. Ba3 Nf6 18. exf5 Bxf5 19. O-O-O Nfd5 20. Nxd5 Nxd5 21. Ne4
Kh8 22. Ng3 Bh7 23. Rhf1 c6 24. Be4 Qc7 25. Ne2 Re8 26. f5 Nf6 27. Nf4 Nxe4 28.
dxe4 Kg8 29. Ne6 Qe5 30. Rde1 g3 31. Bd6 Qb5 32. Nxg7 Qc4+ 33. Qc3 Qxc3+ 34.
bxc3 Rxg7 35. f6 Rf7 36. e5 g2 37. Rg1 Kh8 38. Be7 Bf5 39. Rxg2 Be6 40. a3 Rg8
41. Rxg8+ Kxg8 42. Rg1+ Kh7 43. Kd2 b6 44. Ke3 Bc4 45. Rd1 Bd5 46. Kf4 Kg8 47.
Rg1+ Kh7 48. Kf5 1-0